000 00503nam a2200193Ia 4500
005 20140429090517.0
008 140130s9999 xx 000 0 und d
020 _a9780439853194
050 _aPZ 8.3
_b.K965Do 2006
100 _aKutner, Merrily.
_931018
245 _cMerrily Kutner.
_aDown on the farm /
260 _bScholastic Inc,
_c1996.
_aUSA :
300 _a30 p. :
_bill. col. ;
_c22 cm.
440 _v1
_931019
526 _cN/A
942 _cBK
_2lcc
999 _c41583
_d41583